1484 1523 1160 1989 1326 1877 1662 1574 1485 1669 1025 1926 1138 1074 1813 1266 1717 1975 1683 1841 1078 1180 1355 1112 1149 1613 1647 1957 1284 1407 1217 1394 1464 1812 1331 1156 1370 1150 1091 1565 1044 1415 1717 1477 1402 1099 1558 1554 1863 1169 1018 1604 1662 1113 1017 1994 1856 1754 1780 1575 1114 1802 1167 1695 1722 1223 1189 1129 1582 1604 1922 1661 1006 1350 1644 1969 1598 1431 1126 1795 1990 1590 1847 1029 1963 1026 1231 1661 1101 1025 1936 1504 1765 1299 1060 1739 1113 1228 1047 BCNSPRNW ULIB Ver.6.0+V

เปลี่ยนเป็นภาษาไทย

Change to English
 แสดงรายละเอียดบรรณานุกรม
  กลับหน้าหลัก

Brief Record : Get Marc (ISO 2709) : E-mail record : QR code < ปิดหน้าต่าง
LEADER : 00000nam 2200000uu 4500
001    13399111919
003     ULIB
008    110627s2552||||th 000 0 tha d
020    9786165210041
090    นว.^bม289ก 2552
100 0  มักเน
245 00 เกมร้ายกลรัก/^cมักเน
250    พิมพ์ครั้งที่ 1
260    กรุงเทพฯ :^bมธุรดา,^c2552
300    348 หน้า
710 1  มธุรดา
945    ^p249^l0^i026751
995    ทศพร
999 ^a ใช้งานได้ทุกระบบ
รายการนี้ยังไม่มีแท็ก
คุณยังไม่ได้ล็อกอิน คุณสามารถมีกิจกรรมร่วมกับเว็บไซต์ได้ แต่ต้องล็อกอินก่อน ::
  ล็อกอิน

รายการสื่อสารสนเทศ

ลำดับที่ ประเภท เลขเรียก/บาร์โค้ด สถานที่ สถานะ
- ไม่พบข้อมูล -

รายการใกล้เคียง
    ผู้แต่ง [มักเน]

BibComment


ยังไม่เคยถูกคอมเมนท์

คอมเมนท์ทรัพยากรรายการนี้
  คอมเมนท์: เกมร้ายกลรัก มักเน


 Copyright 2026. Bcnsprnw @Library